[Event "Rouen op 9th"]
[Site "Rouen"]
[Date "2016.12.19"]
[Round "5"]
[White "Lebreton, Gabin"]
[Black "Julien, Franck"]
[Result "0-1"]
[WhiteElo "1237"]
[BlackElo "1569"]
[PlyCount "50"]
[EventDate "2016.12.17"]
[EventType "swiss"]
[EventRounds "7"]
[EventCountry "FRA"]
[SourceTitle "CBM 176 Extra"]
[Source "ChessBase"]
[SourceDate "2017.03.02"]
[SourceVersion "1"]
[SourceVersionDate "2017.03.02"]
[SourceQuality "1"]

1. e4 c5 2. Nf3 d6 3. d4 cxd4 4. Qxd4 Nc6 5. Bb5 Bd7 6. Bxc6 Bxc6 7. b3 Nf6 8. Nc3 e5 9. Qd3 Be7 10. Bb2 0-0 11. Nd5 Nxd5 12. exd5 Qa5+ 13. Bc3 Qxd5 14. 0-0-0 Qxd3 15. Rxd3 e4 16. Re3 Rae8 17. Nd4 Bg5 18. Nf5 Bxe3+ 19. Nxe3 f5 20. Rd1 Rd8 21. Bb4 Rf6 22. Bc3 Rf7 23. Bb4 d5 24. c4 d4 25. Nc2 d3 0-1